L'impact du salaire minimun sur l'emploi dans les pays en développement (Registro nro. 47645)
[ vista simple ]
| 000 -CABECERA | |
|---|---|
| Longitud fija campo de control | 01177naa a2200277 c 4500 |
| 001 - NÚMERO DE CONTROL | |
| Número de control | 47645 |
| 003 - IDENTIFICADOR DE NÚMERO DE CONTROL | |
| Identificador del número de control | ES-MaCES |
| 005 - FECHA Y HORA DE LA ÚLTIMA TRANSACCIÓN | |
| Fecha y hora de la última transacción | 20160512103832.0 |
| 008 - CAMPO FIJO DE DESCRIPCIÓN FIJA--INFORMACIÓN GENERAL | |
| Códigos de información de longitud fija | 160512s2015 fr ||||| t||||||| ||fre d |
| 040 ## - FUENTE DE CATALOGACIÓN | |
| Centro catalogador de origen | ES-MaCES |
| Lengua de catalogación | spa |
| Centro transcriptor | ES-MaCES |
| Centro modificado | ES-MaCES |
| 100 1# - ENCABEZAMIENTO PRINCIPAL--NOMBRE PERSONAL | |
| 9 (RLIN) | 36904 |
| Nombre de persona | Aslan, Gürdal |
| 245 12 - MENCIÓN DE TÍTULO | |
| Título | L'impact du salaire minimun sur l'emploi dans les pays en développement |
| Resto del título | : le cas de la Turquie |
| Mención de responsabilidad, etc. | Gürdal Aslan, Djamel Kirat |
| 500 ## - NOTA GENERAL | |
| Nota general | Resumen |
| 504 ## - NOTA DE BIBLIOGRAFÍA, ETC. | |
| Nota de bibliografía, etc. | Bibliografía: p. 53 |
| 650 #4 - ASIENTO SECUNDARIO DE MATERIA--TÉRMINO DE MATERIA | |
| 9 (RLIN) | 28300 |
| Término de materia o nombre geográfico como elemento inicial | política de empleo |
| 650 #4 - ASIENTO SECUNDARIO DE MATERIA--TÉRMINO DE MATERIA | |
| 9 (RLIN) | 28292 |
| Término de materia o nombre geográfico como elemento inicial | mercado de trabajo |
| 650 #4 - ASIENTO SECUNDARIO DE MATERIA--TÉRMINO DE MATERIA | |
| 9 (RLIN) | 28388 |
| Término de materia o nombre geográfico como elemento inicial | determinación del salario |
| 650 #4 - ASIENTO SECUNDARIO DE MATERIA--TÉRMINO DE MATERIA | |
| 9 (RLIN) | 28382 |
| Término de materia o nombre geográfico como elemento inicial | salario mínimo |
| 650 #4 - ASIENTO SECUNDARIO DE MATERIA--TÉRMINO DE MATERIA | |
| 9 (RLIN) | 27092 |
| Término de materia o nombre geográfico como elemento inicial | país en desarrollo |
| 650 #4 - ASIENTO SECUNDARIO DE MATERIA--TÉRMINO DE MATERIA | |
| 9 (RLIN) | 26990 |
| Término de materia o nombre geográfico como elemento inicial | Turquía |
| 653 10 - TÉRMINO DE INDEXACIÓN--NO CONTROLADO | |
| Término no controlado | Empleo |
| 700 1# - ENCABEZAMIENTO SECUNDARIO--NOMBRE PERSONAL | |
| 9 (RLIN) | 36905 |
| Nombre de persona | Kirat, Djamel |
| 773 0# - ENTRADA DE DOCUMENTO FUENTE | |
| Itemnumber del ítem fuente | 83880 |
| Lugar, editor y fecha de publicación | Paris (Place de Fontenoy, 1, 75700) Ministère du travail, de l'emploi et de la formation professionnelle, Direction de l'animation de la recherche, des études et de la statistique (DARES) |
| Otro identificador del documento | 086782 |
| Título | Travail et emploi |
| Número de control del registro relacionado | (ES-MaCES)25363 |
| Parte(s) relacionada(s) | nº 142 (avril-juin 2015) {10352 R. 086782} ;p. 41-54 |
| 902 ## - CES. TIPO DE DOCUMENTO | |
| Tipodoc (006$c Sirtex) | ART Artículo de revista |
| 942 ## - ELEMENTOS KOHA | |
| Fuente de clasificaión o esquema | Clasificación propia del CES |
| Koha [por defecto] tipo de item | Artículos (1982-2017) |
| Parte de clasificación | Relaciones Laborales y Rel. Lab.- Empleo |
No hay ítems disponibles.
